000 00342nam a22001217a 4500
008 230621b xxu||||| |||| 00| 0 eng d
082 _a328.3
_bCPA
100 _cCPA
245 _aReport of the Executive Committee 1985-86 and
_bReport of Proceedings of the General Assembly
260 _aLondon
_bCPA
_c1986
300 _a103p
942 _2ddc
_cBK
999 _c1961
_d1961